Reading development and Dyslexia

Αποθηκεύτηκε σε:
Λεπτομέρειες βιβλιογραφικής εγγραφής
Άλλοι συγγραφείς: Hulme, Charles (Επιμελητής έκδοσης), Snowling, Margaret J. (Επιμελητής έκδοσης)
Μορφή: Βιβλίο
Γλώσσα:English
Δημοσίευση: London : Whurr, 1994
Θέματα:
Ετικέτες: Προσθήκη ετικέτας
Δεν υπάρχουν, Καταχωρήστε ετικέτα πρώτοι!

MARC

LEADER 00000nam a2200000 i 4500
001 1/21004
008 980505s1994 eng d
020 |a 1-897635-85-0 
035 |l 10036181 
040 |a GR-MY-UA  |b gre  |e aacr 
041 0 |a eng 
082 0 |a 371.9144 
245 1 0 |a Reading development and Dyslexia /  |c edited by Charles Hulme, Margaret Snowling 
260 |a London :   |b Whurr,   |c 1994 
300 |a 246 p. 
650 0 0 |a Dyslexia  |x Congresses. 
650 0 0 |a Reading  |x Congresses. 
700 1 |a Hulme, Charles.  |4 edt 
700 1 |a Snowling, Margaret J.  |4 edt 
852 |a INST  |b RHODES  |e 19980505  |h 371.9144 REA  |p 005400006686  |q 005400006686  |t BK  |y 0 
901 |a BIBL-1998-1 
909 |a Ρ  |b 053889  |c 1998